[Event "Canadian op"]
[Site "Vancouver"]
[Date "1982.07.20"]
[Round "5"]
[White "Serion, Raul"]
[Black "Brodie, Hugh"]
[Result "0-1"]
[WhiteElo "1693"]
[BlackElo "1928"]
[PlyCount "58"]
[EventDate "1982.07.17"]
[EventType "swiss"]
[EventRounds "10"]
[EventCountry "CAN"]
[SourceTitle "EXT 2022"]
[Source "ChessBase"]
[SourceDate "2021.10.06"]
[SourceVersion "1"]
[SourceVersionDate "2021.10.06"]
[SourceQuality "1"]

1. e4 c5 2. Nf3 Nc6 3. d4 cxd4 4. Nxd4 g6 5. Be3 Bg7 6. Qd2 Nf6 7. f3 0-0 8. Nc3 Qa5 9. 0-0-0 d6 10. Nb3 Qc7 11. g4 Be6 12. h4 Rfc8 13. h5 Ne5 14. hxg6 fxg6 15. Nd4 Bf7 16. Be2 a6 17. g5 Nh5 18. Rdg1 Nc4 19. Bxc4 Qxc4 20. Rxh5 gxh5 21. f4 b5 22. f5 b4 23. Nb1 Be5 24. g6 hxg6 25. b3 Qc7 26. fxg6 Be8 27. Nf5 e6 28. Bh6 a5 29. Nd4 Bxd4 0-1